000 00287nam a2200109Ia 4500
008 200302s9999 xx 000 0 und d
100 _aLeonard K. Eaton
245 _aGateway Cities & Other Essays
260 _bGreat Plains Environmental Design Series
260 _c1989
300 _a203 P.,
999 _c1290
_d1290